|
|
|
|
| LEADER |
00000nab a2200000 ar4500 |
| 001 |
vtls008948230 |
| 003 |
SK-MaSNL |
| 005 |
20260304140016.0 |
| 008 |
250505c2006 xo |||||||||||000 b|slo |
| 015 |
|
|
|a SNBRB2007/02
|2 snkbucl
|
| 035 |
|
|
|a (uuid)9104f476-fb12-41cf-87bf-82f7cb97f486
|
| 035 |
|
|
|a urn:nbn:sk:snk-ab24im
|
| 035 |
|
|
|a (urnnbn)urn:nbn:sk:snk:ar-a01lh7
|
| 038 |
|
|
|a SNKBUCL
|
| 040 |
|
|
|a SNKBUCL
|b slo
|c SNKBUCL
|e AACR2
|
| 041 |
0 |
|
|a slo
|
| 044 |
|
|
|a xo
|c SK
|
| 080 |
|
|
|a 623.443.2
|2 1997
|
| 100 |
1 |
|
|a Mesároš, Ľubomír
|4 aut
|9 467878
|
| 245 |
1 |
0 |
|a Pozlátený Colt Detective Special .38
|c Ľubomír Mesároš
|
| 300 |
|
|
|b Fotogr., tab.
|
| 650 |
0 |
7 |
|a Colt Detective Special .38 (revolver)
|2 snkbucl
|9 1096181
|
| 650 |
0 |
7 |
|a revolvery
|2 snkbucl
|9 26331
|
| 773 |
0 |
|
|t Zbrane, strelci a lovci
|g Roč. VII, č. 5 (2006), s. 6-9
|x 1335-5740
|
| 850 |
|
|
|a Slovenská národná knižnica
|
| 852 |
|
|
|a Slovenská národná knižnica
|
| 954 |
|
|
|a odborná, vedecká literatúra pôvodná (slovenská)
|2 lita
|
| 958 |
|
|
|a article27
|
| 958 |
|
|
|a OND
|
| 958 |
|
|
|a EUIPO
|
| 999 |
|
|
|c 2913151
|d 2915081
|